Loreto College Library, Kolkata
WEBOPAC (ONLINE PUBLIC ACCESS CATALOGUE)

American Government (Record no. 12401)

MARC details
000 -LEADER
fixed length control field 00797nam a2200265Ia 4500
005 - DATE AND TIME OF LATEST TRANSACTION
control field 20240209102405.0
008 - FIXED-LENGTH DATA ELEMENTS--GENERAL INFORMATION
fixed length control field 131103s9999 xx 000 0 und d
020 ## - ISBN | অাই এস বি এন
ISBN | অাই এস বি এন SBN 389000620
PRICE Rs.8
040 ## - CATALOGING SOURCE
Original cataloging agency Loreto College
041 ## - LANGUAGE CODE
Language code English
082 ## - DDC | ডিউই
Classification number | বর্গসংখ্যা 342.973
Book Number | গ্রন্থাঙ্ক SAY
100 ## - MAIN ENTRY--PERSONAL NAME | মুখ্য সংলেখ - ব্যাক্তিনাম
Personal name | ব্যাক্তিনাম Sayre,Wallace
245 ## - TITLE STATEMENT | অাখ্যা বিবরণী
Title | অাখ্যা American Government
Statement of responsibility | লেখকের দায়িত্বের বিবরণ Wallace S.Sayre; with self - scoring examination by Samuel Smith
250 ## - EDITION STATEMENT | সংস্করণ ক্ষেত্র
Edition statement | সংস্করণ 15th ed.
260 ## - IMPRINT | প্রকাশনা ক্ষেত্র
Place of publication | প্রকাশ স্থান New York
Name of publisher | প্রকাশকের নাম Barnes & Nobbe
Date of publication | প্রকাশ কাল 1932 (1970 printing)
300 ## - PHYSICAL DESCRIPTION |
Page / Vol. No | পৃষ্ঠা / খন্ড সংখ্যা xix,265p.
Other physical details | অনান্য বাহ্যিক বিবরণ illus.,charts,maps
440 ## - SERIES STATEMENT |গ্রন্থমালা
Series Title | গ্রন্থমালা অাখ্যা College Outline Series
504 ## - BIBLIOGRAPHY, ETC. NOTE
Bibliography, etc Include index
630 ## - SUBJECT ADDED ENTRY--UNIFORM TITLE
Uniform title United Stated - Constitutional Law
650 ## - SUBJECT ADDED ENTRY--TOPICAL TERM | বিষয় শিরোনাম - মূল বিষয়
Topical term | মূল বিষয় Constitution
651 ## - SUBJECT ADDED ENTRY--GEOGRAPHIC NAME | বিষয় শিরোনাম - ভৌগলিক নাম
Geographic name | ভৌগলিক বিষয় Constitutional and Administrative Law
700 ## - ADDED ENTRY--PERSONAL NAME | অতিরিক্ত সংলেখ - ব্
Personal name | ব্যাক্তিনাম Smith,Samuel
850 ## - HOLDING INSTITUTION
Holding institution LCLIB
942 ## - ADDED ENTRY ELEMENTS (KOHA)
Koha item type Books
Holdings
Withdrawn status Lost status Source of classification Damaged status Not for loan Home library Current library Date acquired Total Checkouts Full call number Accession No. Date last seen Price effective from Koha item type Coded location qualifier
    Dewey Decimal Classification     Loreto College Loreto College 04/11/2013   342.973 SAY 24201 B12313 04/11/2013 04/11/2013 Books